Name a Colour of Every European Country Flag - Statistics

General Stats
  • This quiz has been taken 1,943 times
    1,124 since last reset
  • The average score is 43 of 45
Answer Stats
Country Colours % Correct
Albania Red | Black
100%
Bosnia and Herzegovina Blue | Yellow | White
99%
Belarus Red | Green | White
99%
Austria Red | White
99%
Croatia Red | White | Cyan | Blue | Yellow | Black
99%
Bulgaria White | Green | Red
99%
Belgium Yellow | Red | Black
99%
Germany Black | Yellow | Red
98%
Estonia Blue | Black | White
98%
Finland Blue | White
98%
Greece Blue | White
98%
France Blue | White | Red
98%
Hungary Green | Red | White
98%
Ireland Orange | Green | White
98%
Czech Republic Red | Blue | White
98%
Iceland Red | Blue | White
98%
Denmark Red | White
98%
Andorra Red | Yellow | Blue
98%
Italy Red | White | Green
97%
Kosovo Blue | Gold | White
96%
Liechtenstein Blue | Red | Gold
96%
Latvia Red | White
96%
Luxembourg Blue | Red | White
95%
Malta Red | White
95%
Lithuania Yellow | Green | Red
95%
Moldova Blue | Yellow | Red | Green | Brown
94%
Montenegro Red | Gold | Blue | Green
94%
Monaco Red | White
94%
Netherlands Red | White | Blue
94%
Norway Red | White | Blue
94%
Poland White | Red
94%
Portugal Red | Green | Yellow | Blue | White | Black
93%
North Macedonia Red | Yellow
93%
Romania Red | Yellow | Blue
93%
Russia White | Blue | Red
93%
San Marino Blue | White | Green | Gold
92%
Serbia Red | Yellow | Blue | White | Black
92%
Slovakia Red | White | Blue
91%
Spain Red | Yellow | Blue | Green | Pink
90%
Sweden Yellow | Blue
90%
Slovenia Yellow | White | Red | Blue
90%
Switzerland Red | White
89%
Ukraine Blue | Yellow
88%
United Kingdom Red | White | Blue
87%
Vatican City White | Yellow | Red
86%
No matching quizzes found
Score Distribution
Percent of People with Each Score
Percentile by Number Answered
Your Score History
You have not taken this quiz since the last reset